[Event "51st National Challengers (National â€˜Bâ€™) Chess Cha"]
[Site "Bhopal, Madhya Pradesh-India"]
[Date "2013.10.19"]
[Round "10"]
[Board "11"]
[White "K., Praneeth Surya"]
[Black "Rathnakaran, K."]
[Result "0-1"]
[WhiteElo "2210"]
[BlackElo "2428"]
[PlyCount "58"]
[EventDate "2013.10.12"]
[EventRounds "13"]
[EventCountry "IND"]

1. e4 e6 2. d4 d5 3. Nc3 Nf6 4. Bg5 Be7 5. e5 Nfd7 6. h4 h6 7. Be3 c5 8. Qg4 g6
9. Nf3 Nc6 10. dxc5 a6 11. Qf4 Bxc5 12. Bxc5 Nxc5 13. O-O-O b5 14. Nd4 Nxd4 15.
Qxd4 Qc7 16. Kb1 Rb8 17. Bd3 b4 18. Ne2 a5 19. Rhe1 a4 20. Qf4 b3 21. a3 Ba6
22. Nc1 bxc2+ 23. Bxc2 O-O 24. Na2 Bc4 25. Nb4 Na6 26. Nxa6 Bxa6 27. h5 Rfc8
28. Bxa4 Rxb2+ 29. Ka1 Qc3 0-1

[Event "51st National Challengers (National â€˜Bâ€™) Chess Cha"]
[Site "Bhopal, Madhya Pradesh-India"]
[Date "2013.10.19"]
[Round "10"]
[Board "12"]
[White "Sangma, Rahul"]
[Black "Visakh, Nr"]
[Result "1/2-1/2"]
[WhiteElo "2394"]
[BlackElo "2218"]
[PlyCount "95"]
[EventDate "2013.10.12"]
[EventRounds "13"]
[EventCountry "IND"]

1. d4 Nf6 2. c4 e6 3. Nc3 d5 4. cxd5 exd5 5. Bg5 Be7 6. e3 O-O 7. Bd3 Nbd7 8.
Nge2 b6 9. Qa4 Bb7 10. Ba6 Qc8 11. Bxb7 Qxb7 12. O-O Rfe8 13. Rfd1 a6 14. Rac1
Rad8 15. Qc2 c5 16. dxc5 bxc5 17. Na4 h6 18. Bxf6 Nxf6 19. Nxc5 Bxc5 20. Qxc5
Qxb2 21. Rc2 Qb7 22. Qc6 Rb8 23. Nf4 Qxc6 24. Rxc6 Rb2 25. Rxa6 Rc8 26. Nd3 Re2
27. Re1 Rd2 28. Nb4 Ng4 29. Rf1 Rc4 30. a3 d4 31. exd4 Rcxd4 32. h3 Ne5 33. Re1
f6 34. Nc6 Nxc6 35. Rxc6 Rd7 36. Ra1 Rb2 37. Rc3 Rdd2 38. Rf3 Kf7 39. h4 g5 40.
h5 g4 41. Rg3 f5 42. f3 Kf6 43. f4 Rd4 44. Rf1 Rc2 45. Rb3 Rdd2 46. Rg3 Rd4 47.
Rb3 Rdd2 48. Rg3 1/2-1/2

[Event "51st National Challengers (National â€˜Bâ€™) Chess Cha"]
[Site "Bhopal, Madhya Pradesh-India"]
[Date "2013.10.19"]
[Round "10"]
[Board "13"]
[White "Sengupta, Deep"]
[Black "Deshpande, Aniruddha"]
[Result "1-0"]
[WhiteElo "2589"]
[BlackElo "2270"]
[PlyCount "65"]
[EventDate "2013.10.12"]
[EventRounds "13"]
[EventCountry "IND"]

1. e4 c5 2. Nc3 Nc6 3. Bb5 g6 4. Bxc6 dxc6 5. d3 e5 6. f4 exf4 7. Bxf4 Bg7 8.
Qd2 Nf6 9. Nge2 Bg4 10. O-O Bxe2 11. Qxe2 O-O 12. Bg5 Qd6 13. Kh1 Nd7 14. Rae1
Rae8 15. Qf2 b6 16. a4 c4 17. Bf4 Qb4 18. d4 Qxb2 19. Qd2 Nc5 20. Rb1 Qa3 21.
Bd6 Rd8 22. Bxf8 Rxf8 23. dxc5 Qxc3 24. Qxc3 Bxc3 25. cxb6 axb6 26. Rxb6 Ra8
27. Rxc6 Rxa4 28. Rc7 Bf6 29. g3 Kg7 30. e5 Bxe5 31. Rfxf7+ Kh6 32. Rxh7+ Kg5
33. Ra7 1-0

[Event "51st National Challengers (National â€˜Bâ€™) Chess Cha"]
[Site "Bhopal, Madhya Pradesh-India"]
[Date "2013.10.19"]
[Round "10"]
[Board "14"]
[White "Tiwari, Arjun"]
[Black "Karthikeyan, Murali"]
[Result "0-1"]
[WhiteElo "2273"]
[BlackElo "2444"]
[PlyCount "78"]
[EventDate "2013.10.12"]
[EventRounds "13"]
[EventCountry "IND"]

1. e4 c5 2. Nc3 a6 3. f4 b5 4. g3 Bb7 5. Bg2 e6 6. d3 Nf6 7. Nf3 d5 8. e5 Nfd7
9. O-O Be7 10. Qe2 O-O 11. Nd1 Nc6 12. c3 Rc8 13. Nf2 Nb6 14. h4 d4 15. Ng5 h6
16. Ng4 hxg5 17. hxg5 g6 18. Be4 Kg7 19. Nh6 dxc3 20. bxc3 c4 21. Be3 Nd5 22.
Bd2 cxd3 23. Qh2 Bc5+ 24. Kg2 Nce7 25. Rae1 Qc7 26. Bf3 Nb6 27. g4 Rh8 28. f5
exf5 29. gxf5 Nxf5 30. Qf4 Nxh6 31. Qf6+ Kh7 32. gxh6 Rhg8 33. Be4 Rcf8 34. Bg5
Bxe4+ 35. Rxe4 Nd5 36. Qf3 Qc6 37. Kg3 Nxc3 38. Qxf7+ Rxf7 39. Rxf7+ Kh8 0-1

[Event "51st National Challengers (National â€˜Bâ€™) Chess Cha"]
[Site "Bhopal, Madhya Pradesh-India"]
[Date "2013.10.19"]
[Round "10"]
[Board "15"]
[White "Shyam, Nikil P."]
[Black "Puranik, Abhimanyu"]
[Result "1/2-1/2"]
[WhiteElo "2412"]
[BlackElo "2238"]
[PlyCount "157"]
[EventDate "2013.10.12"]
[EventRounds "13"]
[EventCountry "IND"]

1. e4 e6 2. d4 d5 3. Nc3 Bb4 4. exd5 exd5 5. Bd3 Nc6 6. a3 Bxc3+ 7. bxc3 Nge7
8. Qf3 Be6 9. Rb1 b6 10. Qg3 O-O 11. Nf3 Qd7 12. O-O Bf5 13. Bh6 Ng6 14. Bd2
Na5 15. h4 Bxd3 16. cxd3 Qf5 17. c4 dxc4 18. Bxa5 Qxa5 19. dxc4 c6 20. Rfe1 Qf5
21. Qg5 Qxg5 22. hxg5 Rfe8 23. Re3 f6 24. gxf6 gxf6 25. g3 Nf8 26. Rbe1 Kf7 27.
Nh4 Rxe3 28. fxe3 Ne6 29. Kg2 Ng5 30. Nf5 Ne4 31. Rh1 Ng5 32. g4 Ke6 33. Kg3 c5
34. d5+ Kd7 35. Kf4 Re8 36. Ng3 Ke7 37. e4 Kf7 38. a4 Kg6 39. Rb1 Nf7 40. Nf5
Ng5 41. Ng3 Nf7 42. a5 Rb8 43. Nf5 Ne5 44. Rh1 Rh8 45. axb6 axb6 46. Rh6+ Kf7
47. Nd6+ Ke7 48. Nf5+ Kf7 49. g5 Ng6+ 50. Kg4 Ne5+ 51. Kf4 Ng6+ 52. Kg4 Ne5+
53. Kh5 Ng6 54. Nd6+ Ke7 55. Nf5+ Kf7 56. Ne3 Nf4+ 57. Kg4 Ng6 58. Kf5 Ne7+ 59.
Kf4 Ng6+ 60. Kg4 Kg7 61. Nf5+ Kf7 62. Nd6+ Ke7 63. Nf5+ Kf7 64. Nh4 Re8 65.
Rxh7+ Kg8 66. Rh6 Nxh4 67. Rxh4 Rxe4+ 68. Kh5 Re5 69. Kg6 fxg5 70. Rg4 Kf8 71.
Kf6 Re2 72. Rxg5 Re4 73. Rh5 Rf4+ 74. Ke6 Rxc4 75. d6 Re4+ 76. Kd5 Rd4+ 77. Ke6
Re4+ 78. Kd5 Rd4+ 79. Ke6 1/2-1/2

[Event "51st National Challengers (National â€˜Bâ€™) Chess Cha"]
[Site "Bhopal, Madhya Pradesh-India"]
[Date "2013.10.19"]
[Round "10"]
[Board "16"]
[White "Gurpreet, Singh Maras"]
[Black "Sharma, Dinesh K."]
[Result "1/2-1/2"]
[WhiteElo "2261"]
[BlackElo "2390"]
[PlyCount "87"]
[EventDate "2013.10.12"]
[EventRounds "13"]
[EventCountry "IND"]

1. c4 Nf6 2. Nf3 g6 3. g3 Bg7 4. Bg2 O-O 5. O-O d6 6. d4 Nbd7 7. Nc3 e5 8. dxe5
dxe5 9. Bg5 h6 10. Bxf6 Qxf6 11. Qc2 c6 12. Rad1 Qe7 13. e4 Nc5 14. b4 Na6 15.
a3 Be6 16. Qe2 Nc7 17. Nd5 cxd5 18. cxd5 Bd7 19. d6 Qd8 20. dxc7 Qxc7 21. Rd5
b6 22. Rfd1 Be6 23. R5d2 Rfc8 24. Qd3 Bf8 25. Rb2 f6 26. Nh4 Kg7 27. f4 Qc3 28.
Qxc3 Rxc3 29. f5 Bf7 30. Nxg6 Rxa3 31. Nxf8 Kxf8 32. Bf1 Rc8 33. Rd7 Be8 34.
Rh7 Kg8 35. Rxh6 Kg7 36. Rh4 Rc1 37. Kf2 Rac3 38. b5 R1c2+ 39. Rxc2 Rxc2+ 40.
Ke3 Rc3+ 41. Kd2 Rc5 42. Rg4+ Kf8 43. Rh4 Kg7 44. Rg4+ 1/2-1/2

[Event "51st National Challengers (National â€˜Bâ€™) Chess Cha"]
[Site "Bhopal, Madhya Pradesh-India"]
[Date "2013.10.19"]
[Round "10"]
[Board "17"]
[White "Das, Sayantan"]
[Black "Pranav, Vijay"]
[Result "1-0"]
[WhiteElo "2366"]
[BlackElo "2239"]
[PlyCount "53"]
[EventDate "2013.10.12"]
[EventRounds "13"]
[EventCountry "IND"]

1. d4 Nf6 2. c4 g6 3. Nc3 d5 4. cxd5 Nxd5 5. Bd2 Bg7 6. e4 Nb6 7. Be3 O-O 8. h3
e5 9. d5 c6 10. Qb3 cxd5 11. exd5 e4 12. Rd1 Re8 13. Nge2 Na6 14. Nf4 Bd7 15.
d6 Rc8 16. Qa3 Bc6 17. Be2 Be5 18. O-O Kg7 19. Qb3 Qd7 20. Nb5 Ra8 21. Nxa7
Rxa7 22. Qxb6 Raa8 23. b4 Ba4 24. Rd5 g5 25. Nh5+ Kg6 26. Ng3 Qc6 27. d7 1-0

[Event "51st National Challengers (National â€˜Bâ€™) Chess Cha"]
[Site "Bhopal, Madhya Pradesh-India"]
[Date "2013.10.19"]
[Round "10"]
[Board "19"]
[White "Kulkarni, Vikramaditya"]
[Black "Patil, Pratik"]
[Result "0-1"]
[WhiteElo "2335"]
[BlackElo "2237"]
[PlyCount "80"]
[EventDate "2013.10.12"]
[EventRounds "13"]
[EventCountry "IND"]

1. Nf3 Nf6 2. g3 g6 3. Bg2 Bg7 4. O-O O-O 5. d3 d5 6. Nbd2 c5 7. e4 Nc6 8. Re1
b6 9. a3 Bb7 10. c3 dxe4 11. dxe4 Ng4 12. Bf1 Nge5 13. Qc2 Qc7 14. Nh4 Rad8 15.
f4 Ng4 16. a4 Qd7 17. Ndf3 c4 18. Bxc4 Qd6 19. Kg2 Qc5 20. Qe2 Na5 21. Ba2 Qc8
22. h3 Ba6 23. c4 Nxc4 24. hxg4 Nxb2 25. Qe3 Nd1 26. Qb3 Bxa1 27. Rxd1 Rxd1 28.
Qxd1 Qxg4 29. Kf2 Bb7 30. Qd3 Qc8 31. Ba3 Rd8 32. Qb1 e6 33. Ng2 Bd4+ 34. Nxd4
Rxd4 35. Bb4 Rxe4 36. Qb3 Rxb4 37. Qxb4 Qc2+ 38. Ke1 Qxg2 39. Bxe6 Qxg3+ 40.
Kd1 Qf3+ 0-1

[Event "51st National Challengers (National â€˜Bâ€™) Chess Cha"]
[Site "Bhopal, Madhya Pradesh-India"]
[Date "2013.10.19"]
[Round "10"]
[Board "21"]
[White "Lahiri, Atanu"]
[Black "Abhishek, Das"]
[Result "1/2-1/2"]
[WhiteElo "2325"]
[BlackElo "2228"]
[PlyCount "42"]
[EventDate "2013.10.12"]
[EventRounds "13"]
[EventCountry "IND"]

1. e4 c5 2. Nc3 Nc6 3. Bb5 Nd4 4. Bc4 e6 5. Nge2 Nf6 6. O-O d5 7. exd5 exd5 8.
Nxd5 Nxd5 9. Nxd4 Be7 10. Qh5 cxd4 11. Qxd5 Be6 12. Qxb7 O-O 13. Bxe6 fxe6 14.
d3 Rc8 15. c4 dxc3 16. bxc3 Bf6 17. Be3 Rxc3 18. Qxa7 Rc7 19. Qa6 Bxa1 20.
Qxe6+ Kh8 21. Rxa1 Qxd3 1/2-1/2

[Event "51st National Challengers (National â€˜Bâ€™) Chess Cha"]
[Site "Bhopal, Madhya Pradesh-India"]
[Date "2013.10.19"]
[Round "10"]
[Board "22"]
[White "Shantharam, K.V."]
[Black "Gusain, Himal"]
[Result "0-1"]
[WhiteElo "2167"]
[BlackElo "2307"]
[PlyCount "52"]
[EventDate "2013.10.12"]
[EventRounds "13"]
[EventCountry "IND"]

1. Nf3 d5 2. c4 e6 3. g3 dxc4 4. Qc2 c6 5. Bg2 b5 6. a4 Bb7 7. b3 cxb3 8. Qxb3
b4 9. Ne5 Qc7 10. Bb2 c5 11. e4 Nf6 12. d3 Nc6 13. Nxc6 Qxc6 14. Nd2 Rd8 15.
Nc4 Be7 16. O-O O-O 17. Na5 Qc7 18. Nxb7 Qxb7 19. e5 Nd5 20. Be4 Qd7 21. f4 f5
22. exf6 Bxf6 23. Bxf6 Nxf6 24. Bf5 Rfe8 25. Rfe1 Qd4+ 26. Kg2 c4 0-1

[Event "51st National Challengers (National â€˜Bâ€™) Chess Cha"]
[Site "Bhopal, Madhya Pradesh-India"]
[Date "2013.10.19"]
[Round "10"]
[Board "24"]
[White "Siva, Mahadevan"]
[Black "Abhishek, Kelkar"]
[Result "1-0"]
[WhiteElo "1976"]
[BlackElo "2291"]
[PlyCount "99"]
[EventDate "2013.10.12"]
[EventRounds "13"]
[EventCountry "IND"]

1. e4 Nf6 2. e5 Nd5 3. d4 d6 4. Nf3 dxe5 5. Nxe5 c6 6. Bc4 g6 7. O-O Bg7 8. Re1
O-O 9. c3 Nd7 10. Nxd7 Bxd7 11. Nd2 Bf5 12. Nf3 Bg4 13. h3 Bxf3 14. Qxf3 e6 15.
a4 Rc8 16. Bd2 Rc7 17. Rad1 Rd7 18. Bc1 Qa5 19. b4 Qc7 20. Bb2 Rfd8 21. Qe2 b6
22. Bb3 h5 23. h4 Bf6 24. g3 Qb8 25. Qf3 Bg7 26. b5 cxb5 27. axb5 Qc7 28. Re2
Rc8 29. Rd3 Qd8 30. Red2 Rdc7 31. c4 Rxc4 32. Bxc4 Rxc4 33. Ra3 Qd7 34. Qb3 Rb4
35. Qd3 Kh7 36. Rc2 Rxb5 37. Rxa7 Qxa7 38. Qxb5 Qa2 39. Rc1 Qa8 40. Qd7 Qa2 41.
Qb5 Qa8 42. Qd7 Qf8 43. Rc4 Nf6 44. Qb7 Nd5 45. Ra4 Bf6 46. Ba3 Qg7 47. Ra8 g5
48. Rf8 Kg6 49. Qc8 Kh6 50. Rg8 1-0

[Event "51st National Challengers (National â€˜Bâ€™) Chess Cha"]
[Site "Bhopal, Madhya Pradesh-India"]
[Date "2013.10.19"]
[Round "10"]
[Board "25"]
[White "Praveen Kumar, C."]
[Black "Krishna Teja, N"]
[Result "1-0"]
[WhiteElo "2286"]
[BlackElo "2185"]
[PlyCount "65"]
[EventDate "2013.10.12"]
[EventRounds "13"]
[EventCountry "IND"]

1. d4 Nf6 2. Nf3 c5 3. d5 e6 4. c4 b5 5. g3 bxc4 6. Nc3 exd5 7. Nxd5 Bb7 8.
Nxf6+ Qxf6 9. Bg2 d5 10. O-O Bd6 11. e4 O-O 12. exd5 Nd7 13. Nd2 Nb6 14. Ne4
Qd8 15. Nxd6 Qxd6 16. Bf4 Qd7 17. d6 Bxg2 18. Kxg2 f6 19. h4 Rad8 20. Qd2 Qc6+
21. Kg1 g5 22. hxg5 fxg5 23. Be5 Rf5 24. Rfe1 Nd7 25. Bc3 Rd5 26. Qe3 Rf8 27.
Qe6+ Rf7 28. Rad1 Rdf5 29. Rd2 Qa4 30. Qh6 Nf6 31. d7 Nxd7 32. Re8+ Nf8 33.
Rxf8+ 1-0

[Event "51st National Challengers (National â€˜Bâ€™) Chess Cha"]
[Site "Bhopal, Madhya Pradesh-India"]
[Date "2013.10.19"]
[Round "10"]
[Board "27"]
[White "Himanshu, Sharma"]
[Black "Akash Pc, Iyer"]
[Result "1-0"]
[WhiteElo "2391"]
[BlackElo "2206"]
[PlyCount "51"]
[EventDate "2013.10.12"]
[EventRounds "13"]
[EventCountry "IND"]

1. e4 d6 2. g3 Nf6 3. Bg2 g6 4. d3 Bg7 5. f4 c5 6. Nf3 Nc6 7. O-O O-O 8. Nc3
Rb8 9. h3 b5 10. g4 b4 11. Ne2 e6 12. Kh1 Ne7 13. Qe1 Ne8 14. f5 exf5 15. gxf5
gxf5 16. Ng3 fxe4 17. dxe4 Nf6 18. Nh4 d5 19. Bg5 Nxe4 20. Bxe4 dxe4 21. Rd1
Qe8 22. Bxe7 Qxe7 23. Ngf5 Bxf5 24. Nxf5 Qg5 25. Rd2 Qh5 26. Qg3 1-0

[Event "51st National Challengers (National â€˜Bâ€™) Chess Cha"]
[Site "Bhopal, Madhya Pradesh-India"]
[Date "2013.10.19"]
[Round "10"]
[Board "28"]
[White "Konguvel, Ponnuswamy"]
[Black "Sekar, B"]
[Result "1-0"]
[WhiteElo "2366"]
[BlackElo "2149"]
[PlyCount "62"]
[EventDate "2013.10.12"]
[EventRounds "13"]
[EventCountry "IND"]

1. e4 c5 2. Nf3 d6 3. d4 cxd4 4. Nxd4 Nf6 5. Nc3 a6 6. Bg5 Nbd7 7. Bc4 e6 8.
Qd2 Nc5 9. Bxf6 Qxf6 10. O-O-O Qd8 11. b4 Nd7 12. Bxe6 Be7 13. Bb3 Nb6 14. Kb1
Qc7 15. g4 O-O 16. a4 Nc4 17. Qd3 Ne5 18. Nd5 Nxd3 19. Nxc7 Nxf2 20. Nxa8 Nxd1
21. Rxd1 Bxg4 22. Rf1 Bf6 23. Rxf6 gxf6 24. Nb6 Re8 25. Bd5 Re7 26. h3 Be6 27.
Nxe6 fxe6 28. Nc8 Re8 29. Nxd6 Re7 30. Nc8 Rg7 31. Bxe6+ Kf8 1-0

[Event "51st National Challengers (National â€˜Bâ€™) Chess Cha"]
[Site "Bhopal, Madhya Pradesh-India"]
[Date "2013.10.19"]
[Round "10"]
[Board "30"]
[White "Mehar, Chinna Reddy C.H."]
[Black "Anilkumar, O.T."]
[Result "1-0"]
[WhiteElo "2339"]
[BlackElo "2132"]
[PlyCount "54"]
[EventDate "2013.10.12"]
[EventRounds "13"]
[EventCountry "IND"]

1. e4 c5 2. Nf3 a6 3. c4 d6 4. d4 Nf6 5. Nc3 cxd4 6. Nxd4 g6 7. Be2 Bg7 8. O-O
O-O 9. Be3 Nc6 10. Rc1 Nxd4 11. Bxd4 Be6 12. f4 Bd7 13. e5 Ne8 14. Nd5 Bc6 15.
Bb6 Qd7 16. Bg4 e6 17. Qe2 h5 18. Bh3 dxe5 19. Rfd1 exf4 20. Nc7 Qc8 21. Nxa8
Qxa8 22. Rd8 Qxd8 23. Bxd8 Bd4+ 24. Kf1 Kg7 25. Ba5 g5 26. Bc3 Bxc3 27. Rxc3 f5
1-0

[Event "51st National Challengers (National â€˜Bâ€™) Chess Cha"]
[Site "Bhopal, Madhya Pradesh-India"]
[Date "2013.10.19"]
[Round "10"]
[Board "31"]
[White "Raghunandan, Kaumandur Srihari"]
[Black "Girinath, P.D.S."]
[Result "1-0"]
[WhiteElo "2146"]
[BlackElo "2333"]
[PlyCount "75"]
[EventDate "2013.10.12"]
[EventRounds "13"]
[EventCountry "IND"]

1. d4 e6 2. Nf3 f5 3. g3 Nf6 4. Bg2 Be7 5. O-O O-O 6. c4 a5 7. Nc3 d6 8. b3 Qe8
9. Re1 Ne4 10. Nxe4 fxe4 11. Nd2 d5 12. f3 Nc6 13. Bb2 e3 14. Nb1 Bf6 15. Na3
Rf7 16. Nc2 dxc4 17. bxc4 Rd7 18. Qd3 Nxd4 19. Nxd4 c5 20. Qxe3 Rxd4 21. Qb3
Ra6 22. Rad1 a4 23. Qb5 Qxb5 24. cxb5 Rad6 25. Bxd4 cxd4 26. f4 Bd7 27. Bxb7
Bxb5 28. Rb1 Bd7 29. Be4 g5 30. Rec1 e5 31. Rb8+ Kf7 32. Rc7 Ke6 33. Re8+ Be7
34. Rh8 exf4 35. gxf4 gxf4 36. Rxh7 Bf6 37. Rh5 Bb5 38. Rxb5 1-0

[Event "51st National Challengers (National â€˜Bâ€™) Chess Cha"]
[Site "Bhopal, Madhya Pradesh-India"]
[Date "2013.10.19"]
[Round "10"]
[Board "33"]
[White "Joshi, Pankaj"]
[Black "Dhulipala, Bala Chandra Prasad"]
[Result "1/2-1/2"]
[WhiteElo "2271"]
[BlackElo "2139"]
[PlyCount "32"]
[EventDate "2013.10.12"]
[EventRounds "13"]
[EventCountry "IND"]

1. d4 Nc6 2. Nf3 d5 3. c4 Bg4 4. Nc3 e6 5. Bf4 Bb4 6. cxd5 exd5 7. e3 Nge7 8.
h3 Bf5 9. Be2 O-O 10. O-O Ng6 11. Bh2 Nce7 12. Rc1 c6 13. Qb3 Bd6 14. Qxb7 Rb8
15. Qxa7 Ra8 16. Qb7 Rb8 1/2-1/2

[Event "51st National Challengers (National â€˜Bâ€™) Chess Cha"]
[Site "Bhopal, Madhya Pradesh-India"]
[Date "2013.10.19"]
[Round "10"]
[Board "36"]
[White "Yogit, S"]
[Black "Prasenjit, Datta"]
[Result "1-0"]
[WhiteElo "2024"]
[BlackElo "2253"]
[PlyCount "29"]
[EventDate "2013.10.12"]
[EventRounds "13"]
[EventCountry "IND"]

1. e4 c5 2. Nf3 e6 3. d4 cxd4 4. Nxd4 a6 5. Nc3 Qc7 6. g3 b5 7. Bg2 Bb7 8. O-O
Nf6 9. Re1 d6 10. a4 bxa4 11. Nd5 Qd8 12. Bg5 Ra7 13. e5 dxe5 14. Nxe6 Qd6 15.
Nxg7+ 1-0

[Event "51st National Challengers (National â€˜Bâ€™) Chess Cha"]
[Site "Bhopal, Madhya Pradesh-India"]
[Date "2013.10.19"]
[Round "10"]
[Board "37"]
[White "Sumit, Grover"]
[Black "Shashikant, Kutwal"]
[Result "0-1"]
[WhiteElo "1935"]
[BlackElo "2239"]
[PlyCount "52"]
[EventDate "2013.10.12"]
[EventRounds "13"]
[EventCountry "IND"]

1. d4 Nf6 2. c4 g6 3. Nc3 Bg7 4. e4 d6 5. Nf3 O-O 6. Be2 Nbd7 7. O-O e5 8. Be3
Re8 9. d5 Nh5 10. Ne1 Nf4 11. g3 Nxe2+ 12. Qxe2 f5 13. f3 Rf8 14. Nd3 Nf6 15.
c5 fxe4 16. fxe4 Bh3 17. Rfc1 Ng4 18. cxd6 cxd6 19. Nb5 Rf7 20. Nf2 Nxf2 21.
Bxf2 Bh6 22. Rc3 Qf6 23. Nxd6 Qxd6 24. g4 Raf8 25. Bc5 Qxc5+ 26. Rxc5 Be3+ 0-1

[Event "51st National Challengers (National â€˜Bâ€™) Chess Cha"]
[Site "Bhopal, Madhya Pradesh-India"]
[Date "2013.10.19"]
[Round "10"]
[Board "38"]
[White "Navalgund, Niranjan"]
[Black "Nayandeep, Dilip Kotangle"]
[Result "1-0"]
[WhiteElo "2230"]
[BlackElo "2007"]
[PlyCount "65"]
[EventDate "2013.10.12"]
[EventRounds "13"]
[EventCountry "IND"]

1. d4 d5 2. Nf3 Nf6 3. c4 e6 4. g3 c6 5. Bg2 Bd6 6. O-O O-O 7. Nc3 Nbd7 8. Nd2
b6 9. e4 dxe4 10. Ndxe4 Nxe4 11. Nxe4 Be7 12. d5 exd5 13. cxd5 cxd5 14. Qxd5
Ba6 15. Rd1 Nc5 16. Qh5 Qe8 17. Nc3 Rd8 18. Be3 Nd3 19. Nd5 Nxb2 20. Rd4 Rxd5
21. Bxd5 Bf6 22. Re4 Qb5 23. a4 Qd7 24. Bd4 Bxd4 25. Rxd4 Qc7 26. Qf3 Qc5 27.
Rf4 Qc7 28. Re1 g5 29. Rf5 h6 30. Qh5 Kg7 31. Rf6 Kxf6 32. Qxh6+ Kf5 33. Be6+
1-0

[Event "51st National Challengers (National â€˜Bâ€™) Chess Cha"]
[Site "Bhopal, Madhya Pradesh-India"]
[Date "2013.10.19"]
[Round "10"]
[Board "41"]
[White "Krishna, C.R.G."]
[Black "Harikrishna., S. R."]
[Result "1-0"]
[WhiteElo "2340"]
[BlackElo "2044"]
[PlyCount "51"]
[EventDate "2013.10.12"]
[EventRounds "13"]
[EventCountry "IND"]

1. d4 Nf6 2. Nf3 e6 3. c4 b6 4. e3 Bb4+ 5. Nbd2 O-O 6. a3 Bxd2+ 7. Qxd2 c5 8.
Be2 Bb7 9. O-O cxd4 10. exd4 d5 11. b3 Nc6 12. Bb2 Qe7 13. Rac1 dxc4 14. bxc4
Rfd8 15. Rfd1 Rac8 16. Qe3 h6 17. h3 Ne8 18. Bd3 Nd6 19. Re1 Qd7 20. Qf4 f6 21.
Qg3 Nf5 22. Bxf5 exf5 23. d5 Na5 24. Bxf6 f4 25. Qg6 Rf8 26. Re7 1-0

[Event "51st National Challengers (National â€˜Bâ€™) Chess Cha"]
[Site "Bhopal, Madhya Pradesh-India"]
[Date "2013.10.19"]
[Round "10"]
[Board "65"]
[White "Vignesh, Nr"]
[Black "Tejaswini, Sagar"]
[Result "1-0"]
[WhiteElo "2256"]
[BlackElo "1876"]
[PlyCount "53"]
[EventDate "2013.10.12"]
[EventRounds "13"]
[EventCountry "IND"]

1. d4 Nf6 2. Nf3 g6 3. g3 Bg7 4. Bg2 O-O 5. O-O d6 6. c4 c5 7. Nc3 Bd7 8. dxc5
dxc5 9. Ne5 Qb6 10. Nxd7 Nbxd7 11. Qb3 Rad8 12. Bxb7 Rb8 13. Qxb6 Nxb6 14. Ba6
Ne8 15. Bf4 e5 16. Be3 Nc7 17. Bb5 a6 18. Bxc5 axb5 19. Bxf8 Bxf8 20. cxb5 Nc4
21. a4 Nxb2 22. Rfb1 Nc4 23. a5 Na3 24. Rb3 Ncxb5 25. Nxb5 Rxb5 26. Raxa3 Rd5
27. Ra4 1-0

[Event "51st National Challengers (National â€˜Bâ€™) Chess Cha"]
[Site "Bhopal, Madhya Pradesh-India"]
[Date "2013.10.20"]
[Round "11"]
[Board "1"]
[White "Rathnakaran, K."]
[Black "Thejkumar, M. S."]
[Result "0-1"]
[WhiteElo "2428"]
[BlackElo "2421"]
[PlyCount "0"]
[EventDate "2013.10.12"]
[EventRounds "13"]
[EventCountry "IND"]

1. e4 c6 2. d3 d5 3. Nd2 e5 4. Ngf3 Bd6 5. g3 Nf6 6. Bg2 O-O 7. O-O Re8 8. b3 a5 9. a3 Nbd7 10. Bb2 d4 11. h3 Nc5 12. Nh2 Ne6 13. Ndf3 b5 14. Nh4 g6 15. Bc1 Qc7 16. Ng4 Nxg4 17. hxg4 Be7 18. Nf3 a4 19. b4 Bd7 20. Bd2 c5 21. bxc5 Qxc5 22. g5 Rac8 23. Ra2 Qc7 24. Bh3 f6 25. gxf6 Bxf6 26. Nh2 Bg7 27. f4 exf4 28. gxf4 Rf8 29. Qg4 Kh8 30. Qh4 Bf6 31. Qe1 Bg7 32. Rb2 Rce8 33. Kh1 Rf7 34. Nf3 Rff8 35. Qh4 Bf6 36. Qf2 Bg7 37. Qh2 Nc5 38. Bxd7 Qxd7 39. Ng5 h6 40. Nf3 Re6 41. Rfb1 Rb6 42. Ba5 Rb7 43. Nh4 Qc6 44. Qg2 Rf6 45. e5 Qxg2+ 46. Kxg2 Rc6 47. Rxb5 Rxb5 48. Rxb5 g5 49. Ng6+ Rxg6 50. Rxc5 gxf4 51. Kf3 h5 52. Bd8 Bh6 53. Bh4 Ra6 54. Bf2 Bf8 55. Rc8 Kg7 56. Bxd4 Bxa3 57. Kxf4 Kg6 58. Ke4 Be7 59. Rg8 Kf7 60. Rg1 a3 61. Kf5 Ra5 62. c4 a2 63. Ba1 Ra3 64. d4 h4 65. d5 Rg3 66. Rd1 h3 67. d6 Rg5 68. Ke4 h2 69. Rf1 Ke8 70. Rh1 Rg1 71. Rxh2 Rxa1 72. Re2 Bf8 73. c5 Kd7 74. Ke3 Bh6 75. Kf2 Rf1 76. Kxf1 a1Q 77. Kg2 Qa8 78. Kf2  0-1

[Event "51st National Challengers (National â€˜Bâ€™) Chess Cha"]
[Site "Bhopal, Madhya Pradesh-India"]
[Date "2013.10.20"]
[Round "11"]
[Board "2"]
[White "Ashwin, Jayaram"]
[Black "Akshat, Khamparia"]
[Result "1-0"]
[WhiteElo "2461"]
[BlackElo "2384"]
[PlyCount "0"]
[EventDate "2013.10.12"]
[EventRounds "13"]
[EventCountry "IND"]

1. e4 c5 2. Nf3 Nc6 3. Bb5 e5 4. O-O Bd6 5. d3 Nge7 6. Be3 Nd4 7. Bc4 Ng6 8. c3 Ne6 9. d4 exd4 10. cxd4 cxd4 11. Bxd4 Qe7 12. Nc3 Nxd4 13. Nxd4 Be5 14. Nf5 Qc5 15. Qb3 O-O 16. Rac1 Qb6 17. Qxb6 axb6 18. Rc2 d6 19. Nd5 Be6 20. g3 b5 21. Bb3 Rfe8 22. f4 Bxf5 23. exf5 Bd4 24. Kh1+ Ne7 25. Nc7 Nxf5 26. Nxa8 Ne3 27. Nc7 Rc8 28. Rfc1  1-0

[Event "51st National Challengers (National â€˜Bâ€™) Chess Cha"]
[Site "Bhopal, Madhya Pradesh-India"]
[Date "2013.10.20"]
[Round "11"]
[Board "3"]
[White "Sethuraman, S.P."]
[Black "Debashis, Das"]
[Result "0-1"]
[WhiteElo "2566"]
[BlackElo "2497"]
[PlyCount "0"]
[EventDate "2013.10.12"]
[EventRounds "13"]
[EventCountry "IND"]

1. e4 c5 2. Nf3 d6 3. Bb5 Nc6 4. O-O Bd7 5. Re1 Nf6 6. c3 a6 7. Bf1 Bg4 8. h3 Bxf3 9. Qxf3 e6 10. d3 Be7 11. Nd2 O-O 12. Qg3 Nh5 13. Qh2 Bg5 14. g3 e5 15. Be2 Nf6 16. f4 exf4 17. gxf4 Bh6 18. Nf1 c4 19. Ng3 cxd3 20. Bxd3 g6 21. Be3 d5 22. e5 d4 23. cxd4 Nd5 24. Bf2 Nxf4 25. Be4 f5 26. Bh1 Qh4 27. Rad1 Nxh3 28. Kf1 Bg5 29. Bf3 Nxf2 30. Qxf2 Rad8 31. e6 Nxd4 32. Bxb7 Be7 33. Bxa6 f4 34. Ne4 Qh1 35. Qg1 Qxg1 36. Kxg1 Nf3 37. Kf1 Nxe1 38. Rxe1 f3 39. Rc1 Rd4 40. Bb7 f2 41. Nc3 Kg7 42. a4 Bb4 43. Bc6 Rf6 44. Bd7 Rh4 45. Ke2 f1Q 46. Rxf1 Rh2  0-1